000 00332nam a22001457a 4500
003 SGT
020 _a978-1-63242-318-4
082 _a615
_bKRA
100 _aKRAUSS, BRENDON
245 _aPHARMACEUTICS CONCEPTS & APPLICATIONS
260 _aUSA
_bFASTER PUB.
_c2015
300 _a205
650 _aPHARMACEUTICS
942 _2ddc
_cBK
999 _c32909
_d32909